000 02450cam a22003011i 4500
003 SA-RiAUC
005 20241009065142.0
008 241008s1951 ua g 00000 ara c
040 _aSD-KhNU
_bara
_cSA-RiAUC
_erda
082 0 4 _a811.02
090 _a811.02
_bم ر ز
100 1 _aالمرزوقي، أحمد بن محمد بن الحسن،
_dتوفي 421 هجري
_eمؤلف.
245 1 0 _aشرح ديوان الحماسة /
_cشرح أحمد بن محمد بن الحسن المرزوقي.
264 1 _aالقاهرة :
_bأحمد أمين، عبد السلام هارون،
_c1951
300 _a3 مجلد.
336 _aنص
_btxt
_2rdacontent
_3كتاب
337 _aبدون وسيط
_bn
_2rdamedia
338 _aمجلد
_bnc
_2rdacarrier
490 0 _aسلسلة لجنة التأليف والترجمة والنشر
650 7 _aالشعر العربي الحماسي
_xتاريخ ونقد
_yالعصر العباسي
_2aucsh
650 7 _aالشعر العربي
_xتاريخ ونقد
_yالعصر العباسي
_2aucsh
700 1 2 _aأبو تمام، حبيب بن أوس بن الحارث،
_d188-231 هجري
740 0 2 _aديوان الحماسة.
856 _uhttp://www.alwaraq.net/Core/waraq/coverpage?bookid=73&option=1
_yExternal Link
_2 نرجو الانتباه لإمكانية وجود اختلاف في الطبعة أو الناشر بين البيانات على البوابة وما ستجده على الكتاب نظرا لمحدودية المعلومات المتاحة على الموقع الناشر للمادة.
_3Please note that there may be a difference in the edition or publisher between the data on the portal and the book due to the limited information available on the publisher website for the material.
856 _uhttp://www.alwaraq.net/Core/AlwaraqSrv/bookpage?book=73&option=1&fkey=2&page=1
_yDigital Copy
_2 نرجو الانتباه لإمكانية وجود اختلاف في الطبعة أو الناشر بين البيانات على البوابة وما ستجده على الكتاب نظرا لمحدودية المعلومات المتاحة على الموقع الناشر للمادة.
_3Please note that there may be a difference in the edition or publisher between the data on the portal and the book due to the limited information available on the publisher website for the material.
942 _2ddc
_cRARE BOOK
_n0
949 _aSA-JeALM
_d241008
_umohamedma123
_n1
999 _c1044
_d1044